| 000 | 00605nam a22001937a 4500 | ||
|---|---|---|---|
| 999 |
_c526326 _d526326 |
||
| 003 | NUST | ||
| 005 | 20190710104850.0 | ||
| 008 | 190710b ||||| |||| 00| 0 eng d | ||
| 038 | _aMr. Zahoor | ||
| 082 | _a621.3 | ||
| 100 |
_aUmme-E- Aimen _917312 |
||
| 245 |
_aFault Tolerant Tracking Control of an Unmanned Aerial Vehicle Subject to Actuator Faults / _cUmme-E- Aimen |
||
| 260 |
_aIslambad : _bCEME - NUST, _c2018. |
||
| 300 |
_a53 p. : ill. ; _c30cm. |
||
| 500 | _aHard cover. | ||
| 650 |
_aElectrical Engineering - MS Thesis _916073 |
||
| 700 |
_aDr. Muwahida Liaquat _917301 |
||
| 942 |
_2ddc _cTHE |
||